|
|
|
|
| LEADER |
00000nas a2200000 4500 |
| 001 |
ssj0000651582 |
| 003 |
WaSeSS |
| 005 |
20200512172242.0 |
| 006 |
m d |
| 007 |
cr n |
| 008 |
120227c20119999tu qr p s 0 0eng c |
| 010 |
|
|
|a 2012252854
|
| 022 |
|
|
|a 2146-4138
|l 2146-4138
|
| 035 |
|
|
|a (WaSeSS)ssj0000651582
|
| 040 |
|
|
|a CNCGM
|b eng
|c CNCGM
|d VT2
|d OCLCO
|d UX1
|d WAU
|d OCLCQ
|d CUS
|d OCLCF
|d CUS
|d OCLCO
|d OCLCQ
|d AU@
|d WaSeSS
|
| 042 |
|
|
|a pcc
|
| 050 |
1 |
4 |
|a HB172.5
|
| 210 |
0 |
|
|a Int. j. econ. financ. issues
|
| 222 |
|
0 |
|a International journal of economics and financial issues
|
| 245 |
0 |
0 |
|a International journal of economics and financial issues
|h [electronic resource].
|
| 246 |
1 |
|
|a IJEFI
|
| 260 |
|
|
|a Mersin, Turkey :
|b EconJournals
|
| 310 |
|
|
|a Quarterly
|
| 362 |
1 |
|
|a Began with: Vol. 1, no. 1 (2011).
|
| 506 |
|
|
|a License restrictions may limit access.
|
| 588 |
|
|
|a Description based on: Vol. 1, no. 1 (2011); title from journal home page (publisher's Web site, viewed Sept. 19, 2012).
|
| 588 |
|
|
|a Latest issue consulted: Vol. 2, no. 3 (2012) (viewed Sept. 19, 2012).
|
| 650 |
|
0 |
|a Macroeconomics
|v Periodicals.
|
| 650 |
|
0 |
|a International economic relations
|v Periodicals.
|
| 650 |
|
0 |
|a International finance
|v Periodicals.
|
| 650 |
|
7 |
|a International economic relations.
|2 fast
|0 (OCoLC)fst00976891
|
| 650 |
|
7 |
|a International finance.
|2 fast
|0 (OCoLC)fst00976945
|
| 650 |
|
7 |
|a Macroeconomics.
|2 fast
|0 (OCoLC)fst01005221
|
| 655 |
|
0 |
|a Electronic journals.
|
| 856 |
4 |
0 |
|z Full text available from Research Library: 01/01/2011 to present
|u https://search.proquest.com/publication/816338
|